000 00523nam a2200205Ia 4500
005 20240425141906.0
008 131103s9999 xx 000 0 und d
020 _a8170999294
_crs.450
040 _aLoreto College
041 _aEnglish
082 _a371.3
_bMIY
100 _aMiyan, Mohammad
245 _aProfessionalisation of Teacher Education
_cMohammad Miyan
260 _aDelhi
_bMittal
_c2004
300 _aviii,207p.
504 _aIncludes index
650 _aEducation
850 _aLCBED
942 _cBK
999 _c27365
_d77844